000 00449nmm a2200157Ia 4500
008 251105s9999||||xx |||||||||||||||||und||
020 _a9788499481562
041 _aspa
100 _aParra Gil, Samuel
245 0 _aEl Secreto Nazi
264 _a[Madrid, España] :
_bEditorial Club Universitario: ECU,
_c2010
300 _a324 páginas
650 _aSpanish narrative
856 _uhttps://public.digitaliapublishing.com/a/173460
942 _cCF
999 _c92911
_d92911